Optimization for engineering design : (Record no. 79504)

MARC details
000 -LEADER
fixed length control field 00625nam a22002057a 4500
005 - DATE AND TIME OF LATEST TRANSACTION
control field 20131003111236.0
010 ## - LCCN (DPL NO)
LC control number ENG-108561
020 ## - INTERNATIONAL STANDARD BOOK NUMBER
International Standard Book Number 9788120346789
Terms of availability 325.00
035 ## - SYSTEM CONTROL NUMBER
System control number EN-92094
037 ## - SOURCE OF ACQUISITION
Source of stock number/acquisition DBAD/PUB
082 ## - DEWEY DECIMAL CLASSIFICATION NUMBER
Classification number 621.381952
100 ## - MAIN ENTRY--PERSONAL NAME
Personal name Deb, Kalyanmoy
245 ## - TITLE STATEMENT
Title Optimization for engineering design :
Statement of responsibility, etc by Kalyanmoy Deb
Remainder of title algorithms and examples /
250 ## - EDITION STATEMENT
Edition statement 2nd ed
260 ## - PUBLICATION, DISTRIBUTION, ETC. (IMPRINT)
Place of publication, distribution, etc New Delhi
Name of publisher, distributor, etc PHI Learning
Date of publication, distribution, etc 2012
270 ## - ADDRESS
Address M-97, Connaught Circus
City Delhi
Postal code 110001
300 ## - PHYSICAL DESCRIPTION
Extent xviii, 421p. :
Dimensions 24cm (pbk)
Other physical details ill.
500 ## - GENERAL NOTE
General note Includes Index <br/>
942 ## - ADDED ENTRY ELEMENTS (KOHA)
Source of classification or shelving scheme Dewey Decimal Classification
Item type English Books
Call number suffix DEB
Classification part 621.381952
Holdings
Withdrawn status Lost status Not for loan Collection code Home library Current library Date acquired Source of acquisition Cost, normal purchase price Full call number Barcode Copy number Cost, replacement price Koha item type
    Not For Loan Non-fiction D.B.Act.Division D.B.Act.Division 20/09/2013 DBAD/PUB 325.00 621.381952 DEB EN-92094 1 325.00 English Books

© Delhi Public Library
Hit Counter
free hit counter